Монголоведные исследования. [Ч.] 3: Вопросы грамматики (Запись № 11946353)

Подробности
000 -МАРКЕР
контрольное поле 01738nam2a2200313 4500
001 - ИДЕНТИФИКАТОР ЗАПИСИ
контрольное поле RU\NLR\BIBL_A\012112088
005 - ИДЕНТИФИКАТОР ВЕРСИИ
контрольное поле 20191122121530.0
010 ## - МЕЖДУНАРОДНЫЙ СТАНДАРТНЫЙ НОМЕР КНИГИ (ISBN)
Номер (ISBN) 978-5-91458-263-7
Тираж 500
021 ## - НОМЕР ГОСУДАРСТВЕННОЙ РЕГИСТРАЦИИ
Код страны Российская Федерация
Номер КН-П-19-067771
Номер Листа государственной регистраци КН-П-19-4873
035 ## - ДРУГИЕ СИСТЕМНЫЕ НОМЕРА
Идентификатор записи (NLR Aleph) 012112088
035 ## - ДРУГИЕ СИСТЕМНЫЕ НОМЕРА
Идентификатор записи (RuMoRGB)010089215
100 ## - ДАННЫЕ ОБЩЕЙ ОБРАБОТКИ
Данные общей обработки 20191004d2018 k y0rusy50 ca
101 0# - ЯЗЫК РЕСУРСА
Язык текста, звукозаписи и т.д. русский
102 ## - СТРАНА ПУБЛИКАЦИИ ИЛИ ПРОИЗВОДСТВА
Страна публикации Российская Федерация
105 ## - ПОЛЕ КОДИРОВАННЫХ ДАННЫХ: ТЕКСТОВЫЕ МАТЕРИАЛЫ, МОНОГРАФИЧЕСКИЕ
Кодированные данные о монографическом текстовом документе y z 000zy
200 1# - ЗАГЛАВИЕ И СВЕДЕНИЯ ОБ ОТВЕТСТВЕННОСТИ
Основное заглавие Вопросы грамматики
210 ## - ПУБЛИКАЦИЯ, РАСПРОСТРАНЕНИЕ И ДР.
Дата издания, распространения и т.д. 2018
215 ## - ФИЗИЧЕСКАЯ ХАРАКТЕРИСТИКА
Специфическое обозначение материала и объем 98, [1] с.
320 ## - ПРИМЕЧАНИЯ О НАЛИЧИИ В ДОКУМЕНТЕ БИБЛИОГРАФИИ / УКАЗАТЕЛЯ
Текст примечания Библиогр. в конце разделов и в подстроч. примеч.
461 #0 - УРОВЕНЬ НАБОРА
Встроенное поле 001RU\NLR\BIBL_A\011313581
-- 2001#$aМонголоведные исследования$eизбранное$fВ.И. Рассадин$gМ-во образования и науки Рос. Федерации, Федер. гос. бюджет. образоват. учреждение высш. образования "Калмыцкий гос. ун-т им. Б.Б. Городовикова"$v[Ч.] 3
-- 700#1$aРассадин$bВ. И.$cд-р филол. наук$f1939-2017$gВалентин Иванович$3RU\NLR\AUTH\7770241
Системный номер (АБИС) связанной записи 11034472
Автор Рассадин, В. И. (д-р филол. наук ; 1939-2017)
Место публикации Элиста
Дата публикации 2015
Первые сведения об ответственности В.И. Рассадин
Имя издателя, распространителя и т.д. Изд-во Калмыцкого университета
Сведения, относящиеся к заглавию избранное
Заглавие Монголоведные исследования
Номер тома [Ч.] 3
606 1# - НАИМЕНОВАНИЕ ТЕМЫ КАК ПРЕДМЕТ
Наименование темы Монгольские языки
Тематический подзаголовок Грамматика
Системный номер авторитетной/нормативной записи 1662486
Идентификатор авторитетной/нормативной записи RU\NLR\AUTH\66736711
686 1# - ИНДЕКСЫ ДРУГИХ КЛАССИФИКАЦИЙ
Индекс Ш164-2я44
852 ## - МЕСТОНАХОЖДЕНИЕ И ШИФР ХРАНЕНИЯ
Идентификатор организации NLR
Шифр хранения (Call Number) 2016-8/3434
942 ## - ДОПОЛНИТЕЛЬНЫЕ ЭЛЕМЕНТЫ ЗАПИСИ (АБИС)
Тип экземпляра АБИС Книга
980 ## - КОЛЛЕКЦИЯ
Название коллекции НБР
980 ## - КОЛЛЕКЦИЯ
Название коллекции Национальная библиография

Нет доступных экземпляров.